000 00723nam a22002417a 4500
003 UA-OsUOA
001 46255
007 ta
008 20120207b un ||||| |||| 00| 0 ukr d
100 _aМарчак І.
090 _a94(477).082
_bМ30
942 _cBR
040 _aUA-OsUOA
_bukr
_cUA-OsUOA
_dUA-OsUOA
245 _aЗ мучеництва Холмщини на Білгорайщині
300 _a56 с.
955 _a4
041 _aukr
080 _a94(477).082
260 _aВінніпег
_c1957
650 7 _a9 Географія. Біографії. Історія
_2UDC
999 _c426364
_d426364